header

Eloquence in trouble (Record no. 4423)

MARC details
000 -LEADER
fixed length control field 01367nam a2200325Ia 4500
100 1# - MAIN ENTRY--AUTHOR NAME
Personal name Wilce, James MacLynn,
245 10 - TITLE STATEMENT
Title Eloquence in trouble
260 ## - PUBLICATION, DISTRIBUTION, ETC. (IMPRINT)
Place of publication New York :
Name of publisher Oxford University Press,
Year of publication 1998.
300 ## - PHYSICAL DESCRIPTION
Number of Pages xix, 300 p. :
Other physical details ill.
490 1# - SERIES STATEMENT
Series statement Oxford studies in anthropological linguistics ;
650 #0 - SUBJECT ADDED ENTRY--TOPICAL TERM
Topical Term Sociolinguistics
Topical Term Metaphor
856 40 - ELECTRONIC LOCATION AND ACCESS
Uniform Resource Identifier http://site.ebrary.com/lib/rucke/Doc?id=10279069

No items available.

© 2026 Rongo University
Contact us: librarian | system librarian | Rongo university